Be real. (Record no. 13103)

000 -LEADER
fixed length control field 00523nam a2200181 a 4500
001 - CONTROL NUMBER
control field :::00010921$&:&@@
003 - CONTROL NUMBER IDENTIFIER
control field OkBaRHE
005 - DATE AND TIME OF LATEST TRANSACTION
control field 20000607103404.0
008 - FIXED-LENGTH DATA ELEMENTS--GENERAL INFORMATION
fixed length control field s1987 j 000 0 eng u
040 ## - CATALOGING SOURCE
Transcribing agency
100 1# - MAIN ENTRY--PERSONAL NAME
Personal name Wiersbe, Warren W.
245 10 - TITLE STATEMENT
Title Be real.
260 ## - PUBLICATION, DISTRIBUTION, ETC. (IMPRINT)
Place of publication, distribution, etc Wheaton, IL., :
Name of publisher, distributor, etc Victor Books
Date of publication, distribution, etc 1987
300 ## - PHYSICAL DESCRIPTION
Extent 190 p. ;
Dimensions 21 cm.
650 ## - SUBJECT ADDED ENTRY--TOPICAL TERM
Topical term or geographic name as entry element Christian Life
General subdivision 1960-
942 ## - ADDED ENTRY ELEMENTS (KOHA)
Source of classification or shelving scheme
Koha item type Books
Copies
Date acquired Date last seen Price effective from Not for loan Barcode Shelving location Full call number Lost status Withdrawn status Damaged status Koha item type Permanent Location Source of classification or shelving scheme Copy number
2010-04-142010-04-142010-04-14 10921General StacksBV 4501.2 .W517   BooksRHEMA Bible Training College 1